| 000 | 00675cam a22002293a 4500 | ||
|---|---|---|---|
| 001 | 23618 | ||
| 003 | PGUSA | ||
| 005 | 20140828083514.0 | ||
| 008 | 071125s2007||||xxu|||||s|||||000 | eng d | ||
| 040 |
_aPGUSA _beng |
||
| 042 | _adc | ||
| 050 | 4 | _aPQ | |
| 100 | 1 |
_aFiguier, Louis, _d1819-1894 |
|
| 245 | 1 | 0 |
_aGutenberg, pièce historique en 5 actes, 8 tableaux _h[electronic resource] / _cLouis Figuier |
| 260 |
_bProject Gutenberg, _c2007 |
||
| 506 | _aPublic domain in the USA. | ||
| 516 | _aElectronic text | ||
| 653 | _aGutenberg, Johann, 1397?-1468 -- Drama | ||
| 830 | 0 |
_aProject Gutenberg _v23618 |
|
| 856 | 4 | 0 | _uhttp://www.gutenberg.org/ebooks/23618 |
| 942 | _cEB | ||
| 999 |
_c252873 _d252873 |
||